=LDR 00000nam 2200000 4500 =001 INLIS000000000061657 =005 20221103090834 =035 ##$$a 0010-1122000038 =007 ta =008 221103###########################0#ind## =020 ##$$a 979-8619-17-x =082 ##$$a 352 =084 ##$$a 352 Tjo g =100 #$$a Tjokroamidjojo Bintoro =245 1#$$a Good Governance ( Paradigma Baru Manajemen Pembangunan ) /$c Tjokroamidjojo Bintoro =250 ##$$a cet 2 =260 ##$$a Jakarta,$c 2001 =300 ##$$a 124 halaman ; $c 21 cm =650 #4$$a Indonesia - Politik Pemerintahan =990 ##$$a 26572657